Missing Word: Movies on the Map II Quiz Stats

Quiz Updated Aug 21, 2017

Challenge
Share
Tweet
Embed
Score 0/20 Timer 03:00
0 Plays Today
Movie Title Answer % Correct
Notting ____Hill
96.5%
The _____ of MusicSound
95%
The Bridges of Madison _______County
93.5%
Creature from the Black ______Lagoon
91%
Mulholland _____Drive
89.2%
It Happened on Fifth ______Avenue
89.1%
______ of RockSchool
89%
Mad Max 2: The ____ WarriorRoad
87%
10 Cloverfield ____Lane
80.8%
I Am ______Legend
80.1%
Movie Title Answer % Correct
Dante's ____ Peak
78.5%
_____ Break Point
78.1%
High ______ DrifterPlains
75.5%
Gorky ____Park
72.2%
_______ of the DamnedVillage
50.3%
The Concorde..._______ '79Airport
45%
_____ ThingSwamp
37.6%
Enemy ____Mine
37%
______-JacketStrait
24.8%
On the _____Beach
16.8%

Today's Daily Dose

Word Ladder
KISS Hit

On This Day
January 22nd

You're not logged in!

Compare scores with friends on all Sporcle quizzes.
Sign Up with Email
OR
Log In

You Might Also Like...

Show Comments

Extras

Top Quizzes Today


Score Distribution

Your Account Isn't Verified!

In order to create a playlist on Sporcle, you need to verify the email address you used during registration. Go to your Sporcle Settings to finish the process.